[Event "NB II. Breyer csoport"]
[Site "Budapest"]
[Date "2024.03.10"]
[Round "6.3"]
[White "Ress, Tamas"]
[Black "Bali, Janos Dr"]
[Result "1-0"]
[WhiteElo "2211"]
[BlackElo "2268"]
[PlyCount "127"]
[EventDate "2023.10.08"]
[EventType "team-tourn"]
[EventRounds "9"]
[EventCountry "HUN"]
[Source "chess.hu"]
[WhiteTeam "Esztergomi SC"]
[BlackTeam "Barcza - BEAC I."]
[WhiteTeamCountry "HUN"]
[BlackTeamCountry "HUN"]

1. d4 d6 2. Nf3 Nf6 3. g3 g6 4. Bg2 Bg7 5. O-O O-O 6. c4 c6 7. Nc3 Bf5 8. Re1
Ne4 9. Qb3 Qb6 10. g4 Qxb3 11. axb3 Nxc3 12. gxf5 Ne4 13. fxg6 hxg6 14. Ng5
Nxg5 15. Bxg5 Re8 16. Red1 Nd7 17. b4 a6 18. b5 axb5 19. cxb5 Rxa1 20. Rxa1
cxb5 21. Bxb7 Rb8 22. Bc6 Nf6 23. Ra7 Nh7 24. Be3 e6 25. b3 d5 26. Bf4 Rc8 27.
Bxb5 Bxd4 28. Rc7 Rb8 29. Ba4 e5 30. Bg3 Nf6 31. e3 Bb2 32. Rc2 Ba1 33. f3 Rb7
34. Be1 d4 35. Rc1 Bb2 36. Rb1 Bc3 37. Bxc3 dxc3 38. Rc1 Rc7 39. e4 Nh5 40. Bb5
Nf4 41. Kf1 Ne6 42. Bc4 Nd4 43. Rxc3 Kg7 44. Rd3 f5 45. exf5 gxf5 46. f4 Kf6
47. h4 Rh7 48. fxe5+ Kxe5 49. Rh3 f4 50. Kf2 f3 51. h5 Rh6 52. Rh2 Kf4 53. Rh4+
Ke5 54. b4 Nf5 55. Rh3 Nd4 56. Bd3 Kd5 57. Rh4 Ke5 58. Ke3 Nf5+ 59. Bxf5 Kxf5
60. Kxf3 Kg5 61. Rh1 Rf6+ 62. Ke3 Kh6 63. Kd4 Rf5 64. Kc4 1-0

[Event "NB II. Breyer csoport"]
[Site "Budapest"]
[Date "2024.03.10"]
[Round "6.4"]
[White "Fordan, Tibor"]
[Black "Horvath, Mario"]
[Result "1/2-1/2"]
[WhiteElo "2136"]
[BlackElo "2190"]
[PlyCount "42"]
[EventDate "2023.10.08"]
[EventType "team-tourn"]
[EventRounds "9"]
[EventCountry "HUN"]
[Source "chess.hu"]
[WhiteTeam "Barcza - BEAC I."]
[BlackTeam "Esztergomi SC"]
[WhiteTeamCountry "HUN"]
[BlackTeamCountry "HUN"]

1. d4 d5 2. Nf3 Nf6 3. c4 c6 4. cxd5 cxd5 5. Nc3 Nc6 6. Bf4 Bf5 7. e3 a6 8. Bd3
Bxd3 9. Qxd3 e6 10. O-O Be7 11. h3 O-O 12. Rfc1 Rc8 13. a3 Na5 14. Nd2 b5 15.
b4 Nc4 16. Nb3 Qb6 17. Nc5 Qc6 18. Rcb1 Nh5 19. Bh2 f5 20. a4 Ra8 21. Ra2 Nf6
1/2-1/2

[Event "NB II. Breyer csoport"]
[Site "Budapest"]
[Date "2024.03.10"]
[Round "6.5"]
[White "Szucs, Vladimir"]
[Black "Orosz, Andras"]
[Result "1/2-1/2"]
[WhiteElo "2094"]
[BlackElo "2225"]
[PlyCount "34"]
[EventDate "2023.10.08"]
[EventType "team-tourn"]
[EventRounds "9"]
[EventCountry "HUN"]
[Source "chess.hu"]
[WhiteTeam "Esztergomi SC"]
[BlackTeam "Barcza - BEAC I."]
[WhiteTeamCountry "HUN"]
[BlackTeamCountry "HUN"]

1. d4 Nf6 2. Nf3 g6 3. e3 Bg7 4. Be2 b6 5. b3 Bb7 6. Bb2 d6 7. O-O Nbd7 8. c4
e5 9. dxe5 dxe5 10. Nc3 O-O 11. Qc2 e4 12. Nd2 Re8 13. Rfd1 Qe7 14. Nf1 Rad8
15. Rd2 Ne5 16. Rad1 Rxd2 17. Rxd2 Rd8 1/2-1/2

[Event "NB II. Breyer csoport"]
[Site "Budapest"]
[Date "2024.03.10"]
[Round "6.6"]
[White "Isepy, Tamas"]
[Black "Balogh, Peter"]
[Result "0-1"]
[WhiteElo "2057"]
[BlackElo "1983"]
[PlyCount "68"]
[EventDate "2023.10.08"]
[EventType "team-tourn"]
[EventRounds "9"]
[EventCountry "HUN"]
[Source "chess.hu"]
[WhiteTeam "Barcza - BEAC I."]
[BlackTeam "Esztergomi SC"]
[WhiteTeamCountry "HUN"]
[BlackTeamCountry "HUN"]

1. e4 c5 2. Nf3 d6 3. d3 Nc6 4. Be3 e5 5. h3 f5 6. exf5 Bxf5 7. g3 Nf6 8. Nh4
Be6 9. Bg2 d5 10. Nd2 Qd7 11. Bg5 O-O-O 12. Qe2 Be7 13. c3 h6 14. Bxf6 Bxf6 15.
Ng6 Rhe8 16. Bf3 e4 17. dxe4 dxe4 18. Bh5 Bf5 19. O-O-O Qf7 20. Nh4 g6 21. Nxf5
gxh5 22. Qc4 Qxc4 23. Nxc4 Kc7 24. h4 Rf8 25. Nce3 Ne5 26. Nd5+ Kc6 27. Nxf6
Rxd1+ 28. Rxd1 Rxf6 29. Ne7+ Kb5 30. Kc2 Rxf2+ 31. Kb3 Nd3 32. a4+ Ka6 33. Kc4
Nxb2+ 34. Kxc5 Nxd1 0-1

[Event "NB II. Breyer csoport"]
[Site "Budapest"]
[Date "2024.03.10"]
[Round "6.7"]
[White "Kiss, Laszlo"]
[Black "Medve, Mark"]
[Result "1/2-1/2"]
[WhiteElo "1996"]
[BlackElo "2094"]
[PlyCount "72"]
[EventDate "2023.10.08"]
[EventType "team-tourn"]
[EventRounds "9"]
[EventCountry "HUN"]
[Source "chess.hu"]
[WhiteTeam "Esztergomi SC"]
[BlackTeam "Barcza - BEAC I."]
[WhiteTeamCountry "HUN"]
[BlackTeamCountry "HUN"]

1. c4 e5 2. Nc3 Nf6 3. d4 exd4 4. Qxd4 Nc6 5. Qd1 Bb4 6. Bd2 O-O 7. Nf3 Re8 8.
e3 d6 9. Be2 Qe7 10. Nd5 Nxd5 11. cxd5 Bxd2+ 12. Qxd2 Ne5 13. Rc1 c5 14. dxc6
bxc6 15. Nxe5 Qxe5 16. O-O Rb8 17. b3 Rb6 18. Rfd1 Rd8 19. Bf3 c5 20. Qc3 Qe7
21. Rd2 g6 22. Rcd1 Be6 23. e4 f6 24. Be2 Kg7 25. f3 g5 26. Bc4 Bc8 27. Re1 Qe5
28. Qe3 a5 29. Rd5 Qe7 30. Qc3 h6 31. Qxa5 Rb4 32. a3 Rb7 33. Qc3 Be6 34. Rd3
Rdb8 35. Ree3 Ra7 36. a4 Rb4 1/2-1/2

[Event "NB II. Breyer csoport"]
[Site "Budapest"]
[Date "2024.03.10"]
[Round "6.8"]
[White "Palczert, Botond"]
[Black "Petervari, Szabolcs"]
[Result "1/2-1/2"]
[WhiteElo "1970"]
[BlackElo "1976"]
[PlyCount "104"]
[EventDate "2023.10.08"]
[EventType "team-tourn"]
[EventRounds "9"]
[EventCountry "HUN"]
[Source "chess.hu"]
[WhiteTeam "Barcza - BEAC I."]
[BlackTeam "Esztergomi SC"]
[WhiteTeamCountry "HUN"]
[BlackTeamCountry "HUN"]

1. d4 Nf6 2. c4 e6 3. Nc3 Bb4 4. e3 O-O 5. Bd2 b6 6. Nf3 Bb7 7. Bd3 Bxc3 8.
Bxc3 Ne4 9. Bxe4 Bxe4 10. O-O d6 11. Nd2 Bb7 12. d5 e5 13. f4 c6 14. e4 cxd5
15. exd5 b5 16. fxe5 Qb6+ 17. Kh1 b4 18. e6 bxc3 19. Rxf7 Rxf7 20. exf7+ Kf8
21. bxc3 Nd7 22. Ne4 Nc5 23. Qf3 Nxe4 24. Qxe4 Qf2 25. Qd3 Qf6 26. Qxh7 Kxf7
27. Kg1 Qe7 28. Rf1+ Ke8 29. Qb1 Kd8 30. Re1 Qd7 31. Re6 Rc8 32. Qf5 Kc7 33. c5
Kb8 34. c6 Bxc6 35. dxc6 Qxc6 36. Qb1+ Ka8 37. Re7 Qc5+ 38. Kh1 Rb8 39. Qe1 Qf5
40. Re8 Rxe8 41. Qxe8+ Kb7 42. Qe1 Qc2 43. h4 Qxa2 44. Qe7+ Kc6 45. Qxg7 Qc4
46. Qf6 Qg4 47. Qd8 a5 48. Qa8+ Kb6 49. Qb8+ Kc6 50. Qa8+ Kb6 51. Qb8+ Kc6 52.
Qe8+ Kb6 1/2-1/2

[Event "NB II. Breyer csoport"]
[Site "Budapest"]
[Date "2024.03.10"]
[Round "6.9"]
[White "Szabo, Lajos"]
[Black "Martin, Bela Jr"]
[Result "0-1"]
[WhiteElo "1999"]
[BlackElo "2009"]
[PlyCount "86"]
[EventDate "2023.10.08"]
[EventType "team-tourn"]
[EventRounds "9"]
[EventCountry "HUN"]
[Source "chess.hu"]
[WhiteTeam "Esztergomi SC"]
[BlackTeam "Barcza - BEAC I."]
[WhiteTeamCountry "HUN"]
[BlackTeamCountry "HUN"]

1. Nf3 Nf6 2. c4 c5 3. Nc3 Nc6 4. g3 d5 5. cxd5 Nxd5 6. Bg2 Nc7 7. O-O e5 8. d3
Be7 9. Be3 O-O 10. Qb3 Rb8 11. Rad1 Be6 12. Qc2 f6 13. Qb1 Qd7 14. Rfe1 Rfd8
15. Rc1 b6 16. Ne4 Rbc8 17. Bd2 Qe8 18. Nc3 Nd4 19. Rcd1 Qf7 20. Bc1 b5 21. b3
Bf8 22. Bb2 a6 23. Rc1 Nd5 24. Nxd5 Bxd5 25. e4 Nxf3+ 26. Bxf3 Be6 27. Bg2 a5
28. Qc2 c4 29. bxc4 bxc4 30. dxc4 Rxc4 31. Qe2 Rdc8 32. a3 Qb7 33. Qd2 a4 34.
Rxc4 Rxc4 35. Rc1 Qb3 36. Rxc4 Bxc4 37. Qc1 h6 38. Bh3 Be6 39. Bf1 Kh7 40. Be2
Be7 41. Bd1 Qb5 42. Qc3 Bc5 43. Kg2 Bd4 0-1

[Event "NB II. Breyer csoport"]
[Site "Budapest"]
[Date "2024.03.10"]
[Round "6.10"]
[White "Kelemen, Szabolcs"]
[Black "Kovacs, Geza"]
[Result "1-0"]
[WhiteElo "1989"]
[BlackElo "1975"]
[PlyCount "69"]
[EventDate "2023.10.08"]
[EventType "team-tourn"]
[EventRounds "9"]
[EventCountry "HUN"]
[Source "chess.hu"]
[WhiteTeam "Barcza - BEAC I."]
[BlackTeam "Esztergomi SC"]
[WhiteTeamCountry "HUN"]
[BlackTeamCountry "HUN"]

1. e4 e5 2. Nf3 Nc6 3. c3 d5 4. Qa4 f6 5. d3 Nge7 6. Nbd2 Bd7 7. Qc2 dxe4 8.
dxe4 Ng6 9. h4 Bd6 10. Nc4 Bc5 11. Be3 Qe7 12. O-O-O O-O-O 13. h5 Nf4 14. Bxc5
Qxc5 15. Ne3 g6 16. g3 Nxh5 17. Rd5 Qe7 18. Bb5 Nb8 19. Bxd7+ Rxd7 20. Qd3 c6
21. Rxd7 Qxd7 22. Qc4 Ng7 23. Rd1 Qe6 24. Qc5 Rd8 25. Rxd8+ Kxd8 26. Qxa7 Kc8
27. Nd2 Qh3 28. Nec4 Ne8 29. Kc2 Qe6 30. Nb6+ Kc7 31. Ndc4 Nd6 32. Na8+ Kd7 33.
Ncb6+ Ke7 34. Qxb8 Qxa2 35. Qc7+ 1-0

[Event "NB II. Breyer csoport"]
[Site "Budapest"]
[Date "2024.03.10"]
[Round "6.11"]
[White "Fekete, Laszlo"]
[Black "Bod, Marton"]
[Result "0-1"]
[WhiteElo "1897"]
[BlackElo "1870"]
[PlyCount "122"]
[EventDate "2023.10.08"]
[EventType "team-tourn"]
[EventRounds "9"]
[EventCountry "HUN"]
[Source "chess.hu"]
[WhiteTeam "Esztergomi SC"]
[BlackTeam "Barcza - BEAC I."]
[WhiteTeamCountry "HUN"]
[BlackTeamCountry "HUN"]

1. e4 c5 2. c4 Nc6 3. Nc3 g6 4. g3 Bg7 5. Bg2 e6 6. Nge2 Nge7 7. O-O O-O 8. d3
d6 9. a3 Nd4 10. Nxd4 cxd4 11. Ne2 Rb8 12. b4 Bd7 13. Bb2 e5 14. a4 f5 15. f4
fxe4 16. Bxe4 Bh6 17. Bc1 Bh3 18. Bg2 Bxg2 19. Kxg2 Nf5 20. Kg1 Qb6 21. Qb3 Kh8
22. a5 Qc7 23. g4 Nh4 24. b5 Qd7 25. h3 Bg7 26. Kh2 Qe6 27. Qc2 e4 28. Ng3 exd3
29. Qxd3 Rbc8 30. Ne4 Qxc4 31. Qxc4 Rxc4 32. Nxd6 Rc2+ 33. Kh1 d3 34. Rb1 d2
35. Ba3 Rc3 36. Bb2 Rxh3+ 37. Kg1 Bxb2 38. Rxb2 Nf3+ 39. Kg2 Rh2+ 40. Kxf3
d1=Q+ 41. Rxd1 Rxb2 42. g5 Rb4 43. Ne4 Rb3+ 44. Kg4 Kg7 45. Nc5 Re3 46. Nxb7
Re4 47. Rf1 Rb4 48. Nc5 Kg8 49. Nd7 Rf5 50. Nf6+ Rxf6 51. gxf6 Rxb5 52. Ra1 Kf7
53. a6 Kxf6 54. Ra2 h5+ 55. Kh4 Kf5 56. Ra4 Rb3 57. Ra5+ Kxf4 58. Ra4+ Kf3 59.
Kg5 Rb6 60. Kh4 Ke3 61. Kg5 Kd3 0-1

[Event "NB II. Breyer csoport"]
[Site "Budapest"]
[Date "2024.03.10"]
[Round "6.12"]
[White "Tancz, Janos"]
[Black "Marosvari, Gergo"]
[Result "1-0"]
[WhiteElo "1743"]
[BlackElo "1792"]
[PlyCount "97"]
[EventDate "2023.10.08"]
[EventType "team-tourn"]
[EventRounds "9"]
[EventCountry "HUN"]
[Source "chess.hu"]
[WhiteTeam "Barcza - BEAC I."]
[BlackTeam "Esztergomi SC"]
[WhiteTeamCountry "HUN"]
[BlackTeamCountry "HUN"]

1. c4 b6 2. Nc3 Bb7 3. Nf3 Nf6 4. e3 e6 5. g3 c5 6. Bg2 Be7 7. O-O O-O 8. b3
Nc6 9. Bb2 d5 10. cxd5 exd5 11. d4 Ne4 12. Rc1 Nxc3 13. Bxc3 Qd7 14. Qd2 Rfd8
15. Rfd1 Rac8 16. Bb2 Kf8 17. Ba3 cxd4 18. Bxe7+ Nxe7 19. Qxd4 f6 20. Qh4 Rxc1
21. Rxc1 h6 22. Nd4 Nf5 23. Qg4 Nxd4 24. Qxd4 Ke7 25. h4 Bc8 26. Qxd5 Qxd5 27.
Bxd5 Rxd5 28. Rxc8 Rd1+ 29. Kg2 Rd7 30. Rc2 g5 31. hxg5 hxg5 32. Kf3 Ke6 33.
Kg4 Rd6 34. f4 gxf4 35. exf4 a5 36. f5+ Kd7 37. Re2 b5 38. Kh5 a4 39. bxa4 bxa4
40. Kg6 Rd3 41. Kxf6 Rxg3 42. Kf7 a3 43. f6 Kd6 44. Kf8 Kd7 45. f7 Kd8 46. Rd2+
Kc7 47. Rh2 Kd7 48. Rh7 Rg2 49. Rg7 1-0

[Event "NB II. Breyer csoport"]
[Site "Nyergesujfalu"]
[Date "2024.03.10"]
[Round "6.1"]
[White "Giang, Tran Nam"]
[Black "Berek, Geza"]
[Result "1-0"]
[WhiteElo "2122"]
[BlackElo "2170"]
[PlyCount "105"]
[EventDate "2023.10.08"]
[EventType "team-tourn"]
[EventRounds "9"]
[EventCountry "HUN"]
[Source "chess.hu"]
[WhiteTeam "Geniusz Tata-Naszaly"]
[BlackTeam "NYVSE"]
[WhiteTeamCountry "HUN"]
[BlackTeamCountry "HUN"]

1. e4 g6 2. d4 Bg7 3. Nc3 d6 4. h4 Nf6 5. Be2 c5 6. d5 h5 7. Nf3 Na6 8. O-O Nc7
9. a4 Rb8 10. Ng5 a6 11. a5 b5 12. axb6 Rxb6 13. Ra2 O-O 14. Bd2 e6 15. Na4 Rb8
16. c4 exd5 17. cxd5 Re8 18. f3 Nb5 19. Bf4 Nh7 20. Kh1 Nxg5 21. hxg5 Be5 22.
Bd2 Bg7 23. Nc3 Qe7 24. Qc1 Kh7 25. Bd3 f6 26. Ne2 fxg5 27. Bxg5 Bf6 28. Bxf6
Qxf6 29. Qf4 Qe7 30. Qh2 Kg7 31. f4 Bg4 32. f5 gxf5 33. exf5 Qe5 34. Nf4 Kf6
35. Qh4+ Kf7 36. f6 Rg8 37. Rxa6 Qg5 38. Qxg5 Rxg5 39. Ne6 Rxd5 40. Bxb5 Bxe6
41. Ra7+ Kg6 42. Bc4 Re5 43. Rg7+ Kh6 44. Bd3 c4 45. Bb1 Bd5 46. Rh7+ Kg5 47.
f7 Bxf7 48. Rhxf7 Rxb2 49. Rg7+ Kh6 50. Rg6+ Kh7 51. Rxd6+ Kg7 52. Rg6+ Kh7 53.
Rb6+ 1-0

[Event "NB II. Breyer csoport"]
[Site "Nyergesujfalu"]
[Date "2024.03.10"]
[Round "6.2"]
[White "Horvath, Kalman"]
[Black "Dibusz, Ferenc"]
[Result "1-0"]
[WhiteElo "2071"]
[BlackElo "2138"]
[PlyCount "83"]
[EventDate "2023.10.08"]
[EventType "team-tourn"]
[EventRounds "9"]
[EventCountry "HUN"]
[Source "chess.hu"]
[WhiteTeam "NYVSE"]
[BlackTeam "Geniusz Tata-Naszaly"]
[WhiteTeamCountry "HUN"]
[BlackTeamCountry "HUN"]

1. Nf3 d5 2. d4 c5 3. c4 e6 4. cxd5 exd5 5. Nc3 Nc6 6. g3 h6 7. Bg2 Nf6 8. O-O
Be6 9. b3 Rc8 10. Bb2 Nxd4 11. Nxd4 cxd4 12. Nb5 Bc5 13. Bxd4 a6 14. Nc3 Bxd4
15. Qxd4 Qa5 16. Rfc1 O-O 17. Qa4 Qc5 18. e3 Qd6 19. Ne2 b5 20. Qa5 Ng4 21. Nd4
h5 22. Bf3 Nf6 23. a3 h4 24. Qb4 Qe5 25. Qe1 hxg3 26. hxg3 g5 27. a4 g4 28. Bg2
Bf5 29. Nxf5 Qxf5 30. Qb4 bxa4 31. Rxc8 Rxc8 32. Qxa4 Rc2 33. Qf4 Qe6 34. Bf1
Rc6 35. b4 Ne4 36. Ra5 f5 37. Qb8+ Rc8 38. Qb7 Ng5 39. Rxa6 Nf3+ 40. Kh1 Qf7
41. Qxc8+ Kg7 42. Bh3 1-0

[Event "NB II. Breyer csoport"]
[Site "Nyergesujfalu"]
[Date "2024.03.10"]
[Round "6.3"]
[White "Kovacs, Gabor Etele"]
[Black "Horvath, Istvan"]
[Result "1-0"]
[WhiteElo "2090"]
[BlackElo "2060"]
[PlyCount "54"]
[EventDate "2023.10.08"]
[EventType "team-tourn"]
[EventRounds "9"]
[EventCountry "HUN"]
[Source "chess.hu"]
[WhiteTeam "Geniusz Tata-Naszaly"]
[BlackTeam "NYVSE"]
[WhiteTeamCountry "HUN"]
[BlackTeamCountry "HUN"]

1. e4 e5 2. Nf3 Nc6 3. Bb5 Nf6 4. O-O d6 5. d4 Bd7 6. Nc3 Nxd4 7. Nxd4 exd4 8.
Qxd4 Bxb5 9. Nxb5 a6 10. Nc3 Be7 11. b3 O-O 12. Bb2 c6 13. Rad1 Qc7 14. f4 Qa5
15. Kh1 Rad8 16. Rf3 d5 17. exd5 cxd5 18. Rg3 g6 19. Rg5 Rfe8 20. Ne4 h6 21. h3
hxg5 22. Nxf6+ Bxf6 23. Qxf6 Kf8 24. Bc3 Qb5 25. Qg7+ Ke7 26. Bf6+ Kd6 27. c4
Kc6 1-0

[Event "NB II. Breyer csoport"]
[Site "Nyergesujfalu"]
[Date "2024.03.10"]
[Round "6.4"]
[White "Ikanov, Imre"]
[Black "Szabo-Toth, Gabor"]
[Result "0-1"]
[WhiteElo "1970"]
[BlackElo "2081"]
[PlyCount "84"]
[EventDate "2023.10.08"]
[EventType "team-tourn"]
[EventRounds "9"]
[EventCountry "HUN"]
[Source "chess.hu"]
[WhiteTeam "NYVSE"]
[BlackTeam "Geniusz Tata-Naszaly"]
[WhiteTeamCountry "HUN"]
[BlackTeamCountry "HUN"]

1. e4 c5 2. Nc3 Nc6 3. f4 g6 4. Nf3 Bg7 5. Bc4 e6 6. O-O Nge7 7. d3 d5 8. Bb3
O-O 9. Qe1 Nd4 10. Ne2 Nxe2+ 11. Qxe2 b5 12. c3 Bb7 13. Bc2 Rc8 14. Be3 b4 15.
cxb4 cxb4 16. e5 Nf5 17. Rac1 Qa5 18. Bb1 Rfd8 19. Nd4 Nxe3 20. Qxe3 Qb6 21.
Qf2 a5 22. Nb3 d4 23. Rxc8 Bxc8 24. Rc1 Bb7 25. Nd2 h5 26. b3 Bh6 27. Rc2 Ba6
28. Nc4 Bxc4 29. Rxc4 Rd7 30. Bc2 Rc7 31. h4 Bf8 32. Kf1 Be7 33. Bd1 Rxc4 34.
dxc4 Qd8 35. g3 Bc5 36. Qd2 d3 37. Bc2 Qd4 38. Bxd3 Qg1+ 39. Ke2 Qxg3 40. Be4
Qxh4 41. Kd1 Qg4+ 42. Kc2 Kg7 0-1

[Event "NB II. Breyer csoport"]
[Site "Nyergesujfalu"]
[Date "2024.03.10"]
[Round "6.5"]
[White "Kovacs, Reka"]
[Black "Draga, Balazs"]
[Result "0-1"]
[WhiteElo "1855"]
[BlackElo "1965"]
[PlyCount "60"]
[EventDate "2023.10.08"]
[EventType "team-tourn"]
[EventRounds "9"]
[EventCountry "HUN"]
[Source "chess.hu"]
[WhiteTeam "Geniusz Tata-Naszaly"]
[BlackTeam "NYVSE"]
[WhiteTeamCountry "HUN"]
[BlackTeamCountry "HUN"]

1. e4 d6 2. d4 c6 3. Nc3 Qc7 4. Be3 Nf6 5. f3 e5 6. g4 Qb6 7. Na4 Qa5+ 8. Nc3
Qb6 9. Rb1 Be6 10. Qd2 exd4 11. Bxd4 Qc7 12. g5 Nfd7 13. f4 f6 14. gxf6 Nxf6
15. Nf3 h6 16. Bxf6 gxf6 17. Nd4 Qe7 18. Be2 h5 19. Qd1 Bf7 20. Nf5 Qc7 21. Ng3
h4 22. Nh5 Nd7 23. Bg4 Rh6 24. Rg1 O-O-O 25. Ng7 Qb6 26. Kf1 Bxg7 27. b3 f5 28.
Na4 Qe3 29. Bxf5 Bd4 30. Rh1 Qf2# 0-1

[Event "NB II. Breyer csoport"]
[Site "Nyergesujfalu"]
[Date "2024.03.10"]
[Round "6.6"]
[White "Kovacs, Milan"]
[Black "Laszlo, Imre"]
[Result "1/2-1/2"]
[WhiteElo "2032"]
[BlackElo "1989"]
[PlyCount "83"]
[EventDate "2023.10.08"]
[EventType "team-tourn"]
[EventRounds "9"]
[EventCountry "HUN"]
[Source "chess.hu"]
[WhiteTeam "NYVSE"]
[BlackTeam "Geniusz Tata-Naszaly"]
[WhiteTeamCountry "HUN"]
[BlackTeamCountry "HUN"]

1. e4 c5 2. Nc3 Nc6 3. g3 e6 4. Bg2 Nf6 5. f4 d5 6. e5 Nd7 7. Nf3 Rb8 8. a4 a6
9. d3 b5 10. axb5 axb5 11. O-O Be7 12. g4 h5 13. gxh5 Rxh5 14. Ng5 g6 15. Nxf7
Kxf7 16. Nxd5 Bb7 17. f5 Rxf5 18. Rxf5+ exf5 19. e6+ Kxe6 20. Nf4+ Kd6 21. d4
c4 22. Qf3 Qg8 23. Qg3 g5 24. Nd5+ f4 25. Bxf4+ gxf4 26. Qxf4+ Nde5 27. dxe5+
Nxe5 28. Qh6+ Qg6 29. Nxe7 Kxe7 30. Qxg6 Nxg6 31. Ra7 Rg8 32. Rxb7+ Kd6 33. Kf2
Nf4 34. Bf3 Nh3+ 35. Ke3 Kc5 36. Rc7+ Kb4 37. Rh7 Ng5 38. Re7 Rh8 39. Bc6 c3
40. bxc3+ Kxc3 41. Bxb5 Kxc2 42. Rg7 1/2-1/2

[Event "NB II. Breyer csoport"]
[Site "Nyergesujfalu"]
[Date "2024.03.10"]
[Round "6.7"]
[White "Kossela, Peter"]
[Black "Gal, Lajos"]
[Result "1-0"]
[WhiteElo "1990"]
[BlackElo "1878"]
[PlyCount "87"]
[EventDate "2023.10.08"]
[EventType "team-tourn"]
[EventRounds "9"]
[EventCountry "HUN"]
[Source "chess.hu"]
[WhiteTeam "Geniusz Tata-Naszaly"]
[BlackTeam "NYVSE"]
[WhiteTeamCountry "HUN"]
[BlackTeamCountry "HUN"]

1. e4 d5 2. exd5 Nf6 3. d4 Nxd5 4. Nf3 Bg4 5. Bc4 e6 6. O-O Be7 7. c3 Nd7 8.
Nbd2 O-O 9. Re1 Re8 10. Nf1 c6 11. Ng3 Bd6 12. h3 Bxg3 13. fxg3 Bf5 14. Nh4 Bg6
15. Nxg6 hxg6 16. Qf3 b5 17. Bd3 a6 18. Rf1 f5 19. g4 Qh4 20. Bf4 Nxf4 21. Qxf4
e5 22. dxe5 Nxe5 23. Bc2 fxg4 24. hxg4 Kh7 25. g5 Qxf4 26. Rxf4 c5 27. Re4 Re7
28. Rae1 Rae8 29. c4 Nc6 30. Rh4+ Kg8 31. Be4 Ne5 32. Bd5+ Nf7 33. Rf1 Rd8 34.
Rhf4 Rf8 35. cxb5 axb5 36. b4 c4 37. a4 c3 38. axb5 c2 39. b6 Rd7 40. Bb3 Rc8
41. Rxf7 Rxf7 42. Bxf7+ Kh7 43. Rc1 Rb8 44. Kf2 1-0

[Event "NB II. Breyer csoport"]
[Site "Nyergesujfalu"]
[Date "2024.03.10"]
[Round "6.8"]
[White "Balonyi, Roland"]
[Black "Eros, Vivien"]
[Result "1-0"]
[WhiteElo "1860"]
[BlackElo "1868"]
[PlyCount "33"]
[EventDate "2023.10.08"]
[EventType "team-tourn"]
[EventRounds "9"]
[EventCountry "HUN"]
[Source "chess.hu"]
[WhiteTeam "NYVSE"]
[BlackTeam "Geniusz Tata-Naszaly"]
[WhiteTeamCountry "HUN"]
[BlackTeamCountry "HUN"]

1. d4 d5 2. Nc3 Nf6 3. Bf4 a6 4. e3 Bf5 5. Nf3 e6 6. Bd3 Bg4 7. h3 Bh5 8. g4
Bg6 9. Ne5 Bxd3 10. Qxd3 Bd6 11. O-O-O c5 12. dxc5 Bxc5 13. e4 Bxf2 14. Rhf1
Ba7 15. g5 Nfd7 16. Nxf7 Qb6 17. Nxh8 1-0

[Event "NB II. Breyer csoport"]
[Site "Nyergesujfalu"]
[Date "2024.03.10"]
[Round "6.9"]
[White "Vancsisin, Mark"]
[Black "Meszaros, Vilmos"]
[Result "1/2-1/2"]
[WhiteElo "1887"]
[BlackElo "1822"]
[PlyCount "51"]
[EventDate "2023.10.08"]
[EventType "team-tourn"]
[EventRounds "9"]
[EventCountry "HUN"]
[Source "chess.hu"]
[WhiteTeam "Geniusz Tata-Naszaly"]
[BlackTeam "NYVSE"]
[WhiteTeamCountry "HUN"]
[BlackTeamCountry "HUN"]

1. e4 Nf6 2. e5 Nd5 3. c4 Nb6 4. d4 d6 5. exd6 exd6 6. Nc3 Nc6 7. h3 Bf5 8. a3
Be7 9. Nf3 O-O 10. Be2 Re8 11. O-O Qd7 12. b4 Bf6 13. Be3 Rad8 14. Rc1 a5 15.
d5 Ne7 16. bxa5 Nbc8 17. Nd4 Bxh3 18. gxh3 Qxh3 19. Bg4 Qh4 20. Nf5 Nxf5 21.
Bxf5 Ne7 22. Bg4 h5 23. Bxh5 Be5 24. f4 Qg3+ 25. Kh1 Qh3+ 26. Kg1 1/2-1/2

[Event "NB II. Breyer csoport"]
[Site "Nyergesujfalu"]
[Date "2024.03.10"]
[Round "6.10"]
[White "Klinga, Matyas"]
[Black "Toth, Kincso"]
[Result "0-1"]
[WhiteElo "1556"]
[BlackElo "1849"]
[PlyCount "50"]
[EventDate "2023.10.08"]
[EventType "team-tourn"]
[EventRounds "9"]
[EventCountry "HUN"]
[Source "chess.hu"]
[WhiteTeam "NYVSE"]
[BlackTeam "Geniusz Tata-Naszaly"]
[WhiteTeamCountry "HUN"]
[BlackTeamCountry "HUN"]

1. d4 Nf6 2. Bf4 d6 3. c3 Nbd7 4. Nf3 c5 5. e3 g6 6. Nbd2 Bg7 7. Bd3 O-O 8. O-O
Re8 9. Bc4 cxd4 10. cxd4 Nb6 11. Qb3 Nxc4 12. Nxc4 Be6 13. Rac1 Qd7 14. Ng5 Bd5
15. Qd3 h6 16. Nf3 Bxf3 17. gxf3 Qh3 18. Nd2 g5 19. Bg3 h5 20. Ne4 Nxe4 21.
Qxe4 h4 22. Bxh4 Qxh4 23. Qxb7 Bf6 24. Kg2 Kg7 25. b3 Rh8 0-1

[Event "NB II. Breyer csoport"]
[Site "Nyergesujfalu"]
[Date "2024.03.10"]
[Round "6.11"]
[White "Kasa, Barnabas"]
[Black "Csorba, Zalan"]
[Result "1-0"]
[WhiteElo "1803"]
[BlackElo "1530"]
[PlyCount "51"]
[EventDate "2023.10.08"]
[EventType "team-tourn"]
[EventRounds "9"]
[EventCountry "HUN"]
[Source "chess.hu"]
[WhiteTeam "Geniusz Tata-Naszaly"]
[BlackTeam "NYVSE"]
[WhiteTeamCountry "HUN"]
[BlackTeamCountry "HUN"]

1. e4 e5 2. Nf3 Nc6 3. Bc4 h6 4. c3 Nf6 5. d3 a6 6. O-O Bc5 7. d4 b5 8. Bb3
exd4 9. cxd4 Bb6 10. e5 Ne4 11. Re1 Ng5 12. Bxg5 hxg5 13. Qd2 Rh5 14. d5 g4 15.
dxc6 gxf3 16. Qf4 Qe7 17. cxd7+ Bxd7 18. Qxf3 Rf5 19. Qxa8+ Qd8 20. Qxd8+ Kxd8
21. Re2 Bd4 22. Nc3 Bxe5 23. Rae1 Bd4 24. Rd2 Be5 25. Red1 Bd6 26. Ne4 1-0

[Event "NB II. Breyer csoport"]
[Site "Tatabanya"]
[Date "2024.04.14"]
[Round "6.1"]
[White "Rummel, Zsolt"]
[Black "Jakab, Bela"]
[Result "0-1"]
[WhiteElo "2084"]
[BlackElo "2378"]
[PlyCount "38"]
[EventDate "2023.10.08"]
[EventType "team-tourn"]
[EventRounds "9"]
[EventCountry "HUN"]
[Source "chess.hu"]
[WhiteTeam "Zsambeki SBE"]
[BlackTeam "Tatabanyai SC"]
[WhiteTeamCountry "HUN"]
[BlackTeamCountry "HUN"]

1. e4 e6 2. d4 d5 3. Nc3 Bb4 4. e5 Ne7 5. Qg4 c5 6. a3 Ba5 7. Qxg7 Rg8 8. Qxh7
cxd4 9. b4 Bc7 10. Nb5 a6 11. Nxd4 Bxe5 12. Be3 Qc7 13. Ngf3 Qc3+ 14. Ke2 Bf6
15. Rd1 e5 16. Nb3 Bf5 17. Qh6 Rg6 18. Qh5 Qxc2+ 19. Nbd2 Bg4 0-1